Basic Electrical Engineering (Wbut) (Record no. 14)
[ view plain ]
| 000 -LEADER | |
|---|---|
| Fixed length control field | 00488nam a2200181 4500 |
| 003 - CONTROL NUMBER IDENTIFIER | |
| Control field | SEACOMMC |
| 005 - DATE AND TIME OF LATEST TRANSACTION | |
| Control field | 20251017155000.0 |
| 008 - FIXED-LENGTH DATA ELEMENTS--GENERAL INFORMATION | |
| Fixed length control field | 230930b |||||||| |||| 00| 0 eng d |
| 020 ## - INTERNATIONAL STANDARD BOOK NUMBER / ISBN | |
| International Standard Book Number | 978-0070084773 |
| 040 ## - CATALOGING SOURCE | |
| Original cataloging agency | SEACOMMC |
| 082 ## - DEWEY DECIMAL CLASSIFICATION NUMBER | |
| Book Number | C435 |
| Classification number | 621.3 |
| 100 ## - MAIN ENTRY--PERSONAL NAME | |
| Personal name | Chakrabartry, Abhijit |
| 245 ## - TITLE STATEMENT | |
| Title | Basic Electrical Engineering (Wbut) |
| Statement of responsibility | Abhijit Chakrabarti, Sudipta Nath |
| 260 ## - IMPRINT | |
| Place of publication | New Delhi |
| Name of publisher | TMH |
| Date of publication | 2009 |
| 650 ## - SUBJECT ADDED ENTRY--TOPICAL TERM | |
| Topical term | Electrical Engineering |
| 700 ## - ADDED ENTRY--PERSONAL NAME | |
| Personal name | Nath, Sudipta |
| 942 ## - ADDED ENTRY ELEMENTS (KOHA) | |
| Koha item type | Gifted/Donated Books |
| Withdrawn status | Lost status | Source of classification | Damaged status | Not for loan | Home library | Current library | Date acquired | Total Checkouts | Call number | Accession number | Date last seen | Copy number | Price effective from | Koha item type |
|---|---|---|---|---|---|---|---|---|---|---|---|---|---|---|
| Dewey Decimal Classification | SEACOM MANAGEMENT COLLEGE | SEACOM MANAGEMENT COLLEGE | 30/09/2023 | BAS | G9 | 30/09/2023 | 1 | 30/09/2023 | Gifted/Donated Books | |||||
| Dewey Decimal Classification | SEACOM MANAGEMENT COLLEGE | SEACOM MANAGEMENT COLLEGE | 30/09/2023 | BAS | G10 | 30/09/2023 | 2 | 30/09/2023 | Gifted/Donated Books | |||||
| Dewey Decimal Classification | SEACOM MANAGEMENT COLLEGE | SEACOM MANAGEMENT COLLEGE | 30/09/2023 | BAS | G11 | 30/09/2023 | 3 | 30/09/2023 | Gifted/Donated Books |
